000 00634nam a2200193Ia 4500
001 15735
003 GE_BSU
008 181216s||||||||xx |||||||||||||| ||und||
040 _cGE_BSU
100 _aწერეთელი, ა. (აკაკი, 1840-1915)
245 _aნაკვესები
245 _cრედ.გ.ნატროშვილი. მხ. ი.ჯანაშვილი
260 _aთბილისი
260 _bლიტ.გაზეთის გამოც.
260 _c1960
300 _a96გვ. : პორტრ.. ; 16სმ
653 _aნაკვესები
942 _cBK
999 _c48833
_d48833